[Event "Bekasi Scua op 2nd"]
[Site "Bekasi"]
[Date "2022.04.14"]
[Round "2"]
[White "Marentek, Hanny"]
[Black "Tan, Steven"]
[Result "1/2-1/2"]
[WhiteElo "2028"]
[BlackElo "1665"]
[PlyCount "138"]
[EventDate "2022.04.13"]
[EventType "swiss"]
[EventRounds "9"]
[EventCountry "INA"]
[SourceTitle "EXT 2023"]
[Source "ChessBase"]
[SourceDate "2022.10.05"]
[SourceVersion "1"]
[SourceVersionDate "2022.10.05"]
[SourceQuality "1"]

1. d4 d5 2. c4 e6 3. Nc3 Nf6 4. Nf3 Bd6 5. Bg5 c6 6. e3 h6 7. Bh4 0-0 8. Bd3 Nbd7 9. 0-0 b6 10. cxd5 exd5 11. Rc1 Re8 12. Re1 Bb7 13. e4 dxe4 14. Nxe4 Be7 15. Bg3 c5 16. Nxf6+ Bxf6 17. Ne5 Bxe5 18. dxe5 a6 19. Qe2 Nf8 20. Rcd1 Qe7 21. f4 Ne6 22. f5 Nd4 23. Qf2 Qg5 24. Rd2 h5 25. Bf4 Qd8 26. Qg3 Qd7 27. Qg5 f6 28. Qxh5 Qf7 29. Qxf7+ Kxf7 30. Kf2 Bd5 31. b3 a5 32. e6+ Ke7 33. Be3 Rh8 34. h3 Rhc8 35. Bxd4 cxd4 36. Bf1 Rc5 37. Rxd4 Bc6 38. g4 b5 39. Red1 g6 40. Rd7+ Bxd7 41. Rxd7+ Kf8 42. Rf7+ Kg8 43. Rxf6 gxf5 44. gxf5 Rf8 45. Rxf8+ Kxf8 46. Bd3 Ke7 47. Ke3 Kf6 48. Kd4 Rc7 49. Bxb5 Kxf5 50. Bc4 Kf6 51. Kd5 Rh7 52. Kd6 Rxh3 53. a4 Rh5 54. Kd7 Rh7+ 55. Kc6 Ke7 56. Kb6 Rh5 57. Bb5 Kxe6 58. Kxa5 Kd6 59. Kb6 Rh8 60. Ba6 Rh4 61. Bc4 Rh8 62. b4 Rb8+ 63. Ka5 Kc6 64. Ba6 Kd6 65. Be2 Kd5 66. Bf3+ Kc4 67. b5 Kc5 68. Bg2 Rb6 69. Bc6 Rxc6 1/2-1/2

[Event "Cilacap MPCNI"]
[Site "Cilacap"]
[Date "2017.12.30"]
[Round "9"]
[White "Verdiana, Norasa"]
[Black "Marentek, Hanny"]
[Result "1-0"]
[WhiteElo "2104"]
[BlackElo "2108"]
[PlyCount "65"]
[EventDate "2017.12.26"]
[EventType "tourn"]
[EventRounds "9"]
[EventCountry "INA"]
[SourceTitle "CBM 182 Extra"]
[Source "ChessBase"]
[SourceDate "2018.02.23"]
[SourceVersion "1"]
[SourceVersionDate "2018.02.23"]
[SourceQuality "1"]

1. e4 e6 2. d4 d5 3. Nc3 Nf6 4. Bg5 dxe4 5. Nxe4 Nbd7 6. Nxf6+ Nxf6 7. Nf3 Be7 8. Bd3 h6 9. Bh4 0-0 10. 0-0 b6 11. Ne5 Bb7 12. c3 Nd7 13. Bg3 Nxe5 14. Bxe5 Bd6 15. Re1 c5 16. dxc5 Qg5 17. Bg3 Bxg3 18. hxg3 Qxc5 19. Qg4 Rad8 20. Rad1 Rd6 21. Be2 Rfd8 22. Rxd6 Rxd6 23. Rd1 Rxd1+ 24. Bxd1 Kf8 25. Qf4 a5 26. Qb8+ Bc8 27. Bf3 Ke7 28. b4 axb4 29. cxb4 Qc1+ 30. Kh2 Bd7 31. Qxb6 Qc2 32. Qa7 e5 33. b5 1-0

[Event "Cilacap MPCNI"]
[Site "Cilacap"]
[Date "2017.12.29"]
[Round "8"]
[White "Marentek, Hanny"]
[Black "Syaifudin, Agus"]
[Result "1/2-1/2"]
[WhiteElo "2108"]
[BlackElo "2195"]
[PlyCount "67"]
[EventDate "2017.12.26"]
[EventType "tourn"]
[EventRounds "9"]
[EventCountry "INA"]
[SourceTitle "CBM 182 Extra"]
[Source "ChessBase"]
[SourceDate "2018.02.23"]
[SourceVersion "1"]
[SourceVersionDate "2018.02.23"]
[SourceQuality "1"]

1. d4 Nf6 2. c4 g6 3. Nc3 Bg7 4. Nf3 0-0 5. g3 c5 6. d5 a6 7. Bg2 b5 8. 0-0 b4 9. Nb1 d6 10. a3 bxa3 11. Rxa3 Nbd7 12. Nc3 Nb6 13. b3 Bd7 14. Qc2 Ne8 15. e4 Nc7 16. Re1 e5 17. dxe6 Nxe6 18. e5 dxe5 19. Nxe5 Nd4 20. Qd1 Bf5 21. Nd5 Nxd5 22. Bxd5 Bxe5 23. Rxe5 Qf6 24. Re3 Rae8 25. Ra2 Qb6 26. Rxe8 Rxe8 27. Be3 Bh3 28. Bxd4 Qxb3 29. Ra1 Qxd1+ 30. Rxd1 cxd4 31. f4 Bg4 32. Rxd4 Re1+ 33. Kg2 Re2+ 34. Kg1 1/2-1/2

[Event "Cilacap MPCNI"]
[Site "Cilacap"]
[Date "2017.12.29"]
[Round "7"]
[White "Prayitno, Sugeng"]
[Black "Marentek, Hanny"]
[Result "1/2-1/2"]
[WhiteElo "2325"]
[BlackElo "2108"]
[PlyCount "63"]
[EventDate "2017.12.26"]
[EventType "tourn"]
[EventRounds "9"]
[EventCountry "INA"]
[SourceTitle "CBM 182 Extra"]
[Source "ChessBase"]
[SourceDate "2018.02.23"]
[SourceVersion "1"]
[SourceVersionDate "2018.02.23"]
[SourceQuality "1"]

1. d4 c5 2. c3 cxd4 3. cxd4 d5 4. Nc3 Nc6 5. Nf3 Nf6 6. Bf4 e6 7. e3 Bd6 8. Bxd6 Qxd6 9. Bd3 0-0 10. 0-0 a6 11. Rc1 e5 12. dxe5 Nxe5 13. Nxe5 Qxe5 14. Qf3 b5 15. a3 Rd8 16. Qg3 Qxg3 17. hxg3 Be6 18. Ne2 Rac8 19. Rxc8 Rxc8 20. Rc1 Rxc1+ 21. Nxc1 Kf8 22. Ne2 Ke7 23. Nd4 Kd6 24. Kf1 g6 25. f3 Nd7 26. Ke2 Ne5 27. b3 Nc6 28. Kd2 Nxd4 29. exd4 h6 30. b4 g5 31. g4 f6 32. Ke3 1/2-1/2

[Event "Cilacap MPCNI"]
[Site "Cilacap"]
[Date "2017.12.28"]
[Round "6"]
[White "Marentek, Hanny"]
[Black "Sadikin The, Irwanto"]
[Result "1/2-1/2"]
[WhiteElo "2108"]
[BlackElo "2338"]
[PlyCount "92"]
[EventDate "2017.12.26"]
[EventType "tourn"]
[EventRounds "9"]
[EventCountry "INA"]
[SourceTitle "CBM 182 Extra"]
[Source "ChessBase"]
[SourceDate "2018.02.23"]
[SourceVersion "1"]
[SourceVersionDate "2018.02.23"]
[SourceQuality "1"]

1. e4 e6 2. d4 d5 3. e5 c5 4. c3 Nc6 5. Nf3 Nge7 6. Bd3 cxd4 7. cxd4 Nf5 8. Bxf5 exf5 9. Nc3 Be6 10. 0-0 Be7 11. Ne2 0-0 12. Ne1 Rc8 13. f4 f6 14. Be3 Na5 15. Nd3 Re8 16. Bf2 Qb6 17. Rc1 Rxc1 18. Qxc1 Rc8 19. Nc5 Bf7 20. b3 Nc6 21. Qd2 Nxd4 22. Nxd4 Bxc5 23. Nxf5 Qe6 24. Bxc5 Qxf5 25. Bxa7 Rc2 26. Qb4 fxe5 27. Qd6 h6 28. Qb8+ Kh7 29. Qxe5 Qe4 30. Qxe4+ dxe4 31. Rf2 Rc1+ 32. Rf1 Rc2 33. Ra1 Bd5 34. g3 Kg6 35. Rd1 Bc6 36. a3 Rb2 37. b4 Ra2 38. Re1 Rxa3 39. Bc5 Kf5 40. b5 Ra5 41. bxc6 Rxc5 42. cxb7 Rb5 43. h3 Rxb7 44. Ra1 e3 45. Kg2 Ke4 46. Ra4+ Kd3 1/2-1/2

[Event "Yogyakarta Istimewa op"]
[Site "Yogyakarta"]
[Date "2016.08.19"]
[Round "3"]
[White "Marentek, Hanny"]
[Black "Sihite, Chelsie Monica"]
[Result "0-1"]
[WhiteElo "2156"]
[BlackElo "2192"]
[PlyCount "63"]
[EventDate "2016.08.18"]
[EventType "swiss"]
[EventRounds "9"]
[EventCountry "INA"]
[SourceTitle "EXT 2018"]
[Source "ChessBase"]
[SourceDate "2017.10.13"]
[SourceVersion "1"]
[SourceVersionDate "2017.10.13"]
[SourceQuality "1"]

1. d4 Nf6 2. c4 e6 3. Nc3 Bb4 4. e3 c6 5. Bd3 d6 6. f4 e5 7. Nge2 e4 8. Bc2 d5 9. 0-0 h5 10. cxd5 cxd5 11. Bd2 Nc6 12. Ba4 Be7 13. Rc1 Kf8 14. Bxc6 bxc6 15. Na4 h4 16. a3 h3 17. g3 Bg4 18. Re1 Nh5 19. Qc2 Rh6 20. Bb4 Kg8 21. Bxe7 Qxe7 22. Qc5 Qe6 23. Qa5 Bf3 24. Nac3 Qg4 25. Qc7 Rg6 26. f5 Qxf5 27. Rf1 Qg5 28. Kf2 Bg2 29. Rfe1 Qg4 30. Nf4 Nxf4 31. exf4 Qf3+ 32. Kg1 0-1

[Event "Jakarta Indonesia op 3rd"]
[Site "Jakarta"]
[Date "2013.10.17"]
[Round "11"]
[White "Batchimeg, Tuvshintugs"]
[Black "Marentek, Hanny"]
[Result "1/2-1/2"]
[WhiteElo "2376"]
[BlackElo "2208"]
[PlyCount "53"]
[EventDate "2013.10.10"]
[EventType "swiss"]
[EventRounds "11"]
[EventCountry "INA"]
[SourceTitle "EXT 2014"]
[Source "ChessBase"]
[SourceDate "2013.11.20"]
[SourceVersion "1"]
[SourceVersionDate "2013.11.20"]
[SourceQuality "1"]

1. d4 c5 2. d5 Nf6 3. c4 g6 4. Nc3 Bg7 5. g3 0-0 6. Bg2 d6 7. Nf3 e6 8. 0-0 exd5 9. cxd5 Re8 10. Nd2 a6 11. a4 Nbd7 12. Nc4 Ne5 13. Na3 Bd7 14. Bg5 b5 15. axb5 axb5 16. Ne4 b4 17. Nc2 Rxa1 18. Qxa1 Bf5 19. Qa4 Bxe4 20. Bxe4 Qa8 21. Qxa8 Rxa8 22. Bxf6 Bxf6 23. b3 Ra2 24. Rb1 Nd7 25. Bd3 Ne5 26. Be4 Nd7 27. Bd3 1/2-1/2

[Event "Jakarta Indonesia op 2nd"]
[Site "Jakarta"]
[Date "2012.10.16"]
[Round "8"]
[White "Halay, Taufik"]
[Black "Marentek, Hanny"]
[Result "1/2-1/2"]
[WhiteElo "2366"]
[BlackElo "2232"]
[PlyCount "70"]
[EventDate "2012.10.11"]
[EventType "swiss"]
[EventRounds "9"]
[EventCountry "INA"]
[SourceTitle "EXT 2013"]
[Source "ChessBase"]
[SourceDate "2012.11.22"]
[SourceVersion "1"]
[SourceVersionDate "2012.11.22"]
[SourceQuality "1"]

1. d4 d5 2. c4 e6 3. Nc3 Nf6 4. Nf3 Be7 5. Bg5 0-0 6. e3 Nbd7 7. Bd3 dxc4 8. Bxc4 c5 9. 0-0 a6 10. a4 cxd4 11. Qxd4 Nb6 12. Bb3 Qxd4 13. Nxd4 Bd7 14. a5 Nc8 15. e4 h6 16. Bf4 Na7 17. e5 Nh7 18. Rfd1 Rfd8 19. Be3 Nc6 20. Na4 Nxd4 21. Bxd4 Bc6 22. Nb6 Rab8 23. Nc4 Bd5 24. Rd3 Bxc4 25. Bxc4 Nf8 26. Rad1 Rbc8 27. b3 Bb4 28. Bb6 Rxd3 29. Bxd3 Nd7 30. Be4 Nxb6 31. axb6 a5 32. Bxb7 Rb8 33. Rd7 Bc5 34. g3 Bxb6 35. Kg2 Rd8 1/2-1/2

[Event "Jakarta Indonesia op 1st"]
[Site "Jakarta"]
[Date "2011.10.16"]
[Round "4"]
[White "Marentek, Hanny"]
[Black "Tirto"]
[Result "1-0"]
[WhiteElo "2227"]
[BlackElo "2322"]
[PlyCount "55"]
[EventDate "2011.10.13"]
[EventType "swiss"]
[EventRounds "9"]
[EventCountry "INA"]
[SourceTitle "EXT 2012"]
[Source "ChessBase"]
[SourceDate "2011.11.24"]
[SourceVersion "1"]
[SourceVersionDate "2011.11.24"]
[SourceQuality "1"]

1. d4 d5 2. Nf3 Nf6 3. c4 c6 4. Nc3 a6 5. e3 b5 6. b3 Bg4 7. cxd5 cxd5 8. Be2 e6 9. 0-0 Be7 10. Bb2 0-0 11. h3 Bh5 12. Ne5 Bxe2 13. Nxe2 Nfd7 14. Qd2 Nxe5 15. dxe5 Nc6 16. Rac1 Qb6 17. Bd4 Qb7 18. Nf4 Nxd4 19. Qxd4 Ba3 20. Rcd1 Rfc8 21. Nh5 Rc2 22. Qg4 Bf8 23. e4 dxe4 24. Rd7 Qc6 25. Nf6+ Kh8 26. Qh4 gxf6 27. Rxf7 Bg7 28. exf6 1-0

[Event "Jakarta Indonesia op 1st"]
[Site "Jakarta"]
[Date "2011.10.16"]
[Round "5"]
[White "Sitanggang, Salor"]
[Black "Marentek, Hanny"]
[Result "1/2-1/2"]
[WhiteElo "2376"]
[BlackElo "2227"]
[PlyCount "76"]
[EventDate "2011.10.13"]
[EventType "swiss"]
[EventRounds "9"]
[EventCountry "INA"]
[SourceTitle "EXT 2012"]
[Source "ChessBase"]
[SourceDate "2011.11.24"]
[SourceVersion "1"]
[SourceVersionDate "2011.11.24"]
[SourceQuality "1"]

1. d4 d5 2. Nf3 Nf6 3. c4 e6 4. Nc3 Be7 5. Bf4 0-0 6. e3 c5 7. dxc5 Bxc5 8. cxd5 Nxd5 9. Nxd5 exd5 10. a3 Nc6 11. Bd3 Be7 12. 0-0 Be6 13. b4 Rc8 14. Rc1 Bf6 15. h3 g6 16. Qe2 Qe7 17. Rfd1 a5 18. Bh6 Rfd8 19. bxa5 Nxa5 20. Rxc8 Rxc8 21. a4 Qa3 22. Bb5 Rc1 23. Kh2 Rxd1 24. Qxd1 Qb2 25. Kg1 Nb3 26. Ne1 Nc5 27. Qc2 Qc3 28. Qxc3 Bxc3 29. Nd3 Nxd3 30. Bxd3 Bd7 31. Bc2 b5 32. axb5 Bxb5 33. Bf4 f6 34. Bd6 Kf7 35. Bc5 Bc4 36. h4 h5 37. g3 Be5 38. Bd1 Bb5 1/2-1/2

[Event "Jakarta Indonesia op 1st"]
[Site "Jakarta"]
[Date "2011.10.13"]
[Round "1"]
[White "Barus, Cerdas"]
[Black "Marentek, Hanny"]
[Result "1/2-1/2"]
[WhiteElo "2438"]
[BlackElo "2227"]
[PlyCount "96"]
[EventDate "2011.10.13"]
[EventType "swiss"]
[EventRounds "9"]
[EventCountry "INA"]
[SourceTitle "EXT 2012"]
[Source "ChessBase"]
[SourceDate "2011.11.24"]
[SourceVersion "1"]
[SourceVersionDate "2011.11.24"]
[SourceQuality "1"]

1. d4 Nf6 2. Nf3 e6 3. c4 d5 4. Nc3 Be7 5. Bg5 0-0 6. e3 h6 7. Bh4 Nbd7 8. Rc1 c6 9. cxd5 exd5 10. Bd3 Re8 11. 0-0 Ne4 12. Bg3 Nxg3 13. hxg3 Bd6 14. Re1 Nf6 15. Rb1 Bg4 16. Qc2 Re7 17. b4 a6 18. a4 Rc8 19. Nh2 Be6 20. Qb2 Qd7 21. Rec1 Bf5 22. Qc2 Bxd3 23. Qxd3 Qe6 24. Re1 a5 25. bxa5 Ra8 26. a6 bxa6 27. Rb6 Qc8 28. Reb1 a5 29. R6b3 g6 30. Nf3 Ne4 31. Qc2 Nf6 32. Ne2 Kg7 33. Rb6 Ra6 34. Nf4 Rxb6 35. Rxb6 Rb7 36. Rxb7 Qxb7 37. Nd3 Ne4 38. Nfe1 Qa6 39. Nb2 h5 40. Ned3 Qb6 41. Kf1 Ba3 42. Nd1 Bb4 43. Kg1 Nd6 44. N1b2 Ba3 45. Qd1 Nc4 46. Nxc4 dxc4 47. Nc1 Kf6 48. Ne2 Bb4 1/2-1/2

[Event "Karpov GM"]
[Site "Singapore"]
[Date "1997.12.21"]
[Round "8"]
[White "Ardiansyah, Haji"]
[Black "Marentek, Hanny"]
[Result "1-0"]
[WhiteElo "2415"]
[BlackElo "2405"]
[PlyCount "123"]
[EventDate "1997.??.??"]
[EventType "tourn"]
[EventRounds "14"]
[EventCountry "SIN"]
[EventCategory "7"]
[SourceTitle "EXT 1999"]
[Source "ChessBase"]
[SourceDate "1998.11.16"]
[SourceVersion "1"]
[SourceVersionDate "1998.11.16"]
[SourceQuality "1"]

1. d4 d5 2. Nf3 Nf6 3. c4 e6 4. Bg5 Be7 5. Nc3 0-0 6. e3 Nbd7 7. Qc2 c6 8. cxd5 exd5 9. Bd3 Re8 10. 0-0 Nf8 11. h3 Nh5 12. Bxe7 Qxe7 13. Rfe1 Nf6 14. Bf1 Ne4 15. Nxe4 Bf5 16. Qc3 Bxe4 17. Nd2 Bg6 18. b4 a6 19. a4 Rac8 20. Rac1 Nd7 21. Nb3 Nf6 22. f3 Qd6 23. b5 axb5 24. axb5 Qb8 25. Nc5 Bf5 26. Qb2 cxb5 27. Bxb5 Re7 28. g4 Bg6 29. f4 Be4 30. g5 Ne8 31. Nxe4 Rxe4 32. Rxc8 Qxc8 33. Bf1 Re7 34. Bg2 Nc7 35. Qb3 Qe8 36. Kf2 Qc6 37. Qa3 Qe6 38. Rc1 g6 39. Qb3 Kg7 40. Rc5 b6 41. Rc3 h6 42. gxh6+ Kxh6 43. Qd1 Kg7 44. Qg4 f5 45. Qg5 Nb5 46. Rb3 Re8 47. Kg1 Nc7 48. h4 Rh8 49. Bf3 Qd6 50. h5 Rh6 51. Rc3 Ne6 52. Qg2 Kh7 53. Qc2 Qe7 54. Kf1 Kg7 55. Rc6 gxh5 56. Bxd5 Rg6 57. Bxe6 Qh4 58. Bd5 Qh3+ 59. Ke2 Rg1 60. Rc7+ Kh6 61. Qc6+ Rg6 62. Qb7 1-0

[Event "Karpov GM"]
[Site "Singapore"]
[Date "1997.12.18"]
[Round "5"]
[White "Wong, Meng Kong"]
[Black "Marentek, Hanny"]
[Result "1/2-1/2"]
[WhiteElo "2415"]
[BlackElo "2405"]
[PlyCount "90"]
[EventDate "1997.??.??"]
[EventType "tourn"]
[EventRounds "14"]
[EventCountry "SIN"]
[EventCategory "7"]
[SourceTitle "EXT 1999"]
[Source "ChessBase"]
[SourceDate "1998.11.16"]
[SourceVersion "1"]
[SourceVersionDate "1998.11.16"]
[SourceQuality "1"]

1. Nf3 d5 2. c4 e6 3. d4 Nf6 4. Bg5 Be7 5. e3 0-0 6. Nc3 b6 7. Bd3 Bb7 8. 0-0 Nbd7 9. Qe2 Ne4 10. Bf4 Bd6 11. Rac1 Nxc3 12. Rxc3 Bxf4 13. exf4 c5 14. cxd5 Bxd5 15. dxc5 Bxf3 16. Qxf3 Nxc5 17. Bb5 a5 18. Rd1 Qf6 19. Rd6 Rab8 20. a3 g6 21. g3 Kg7 22. Qe3 Rfd8 23. Rxd8 Rxd8 24. b4 axb4 25. axb4 Ne4 26. Rd3 Qa1+ 27. Kg2 Rxd3 28. Bxd3 Nf6 29. Qxb6 Qc3 30. Qd6 Nd5 31. Be4 Nxb4 32. g4 Na2 33. h4 Nc1 34. Qe5+ Qxe5 35. fxe5 Nb3 36. f4 Nc5 37. Bc6 f6 38. Bb5 fxe5 39. fxe5 h6 40. Kf3 g5 41. hxg5 hxg5 42. Ke3 Nb7 43. Kd4 Kf8 44. Bc6 Nd8 45. Be4 Ke7 1/2-1/2

[Event "Karpov GM"]
[Site "Singapore"]
[Date "1997.12.14"]
[Round "1"]
[White "Marentek, Hanny"]
[Black "Ardiansyah, Haji"]
[Result "1/2-1/2"]
[WhiteElo "2405"]
[BlackElo "2415"]
[PlyCount "123"]
[EventDate "1997.??.??"]
[EventType "tourn"]
[EventRounds "14"]
[EventCountry "SIN"]
[EventCategory "7"]
[SourceTitle "EXT 1999"]
[Source "ChessBase"]
[SourceDate "1998.11.16"]
[SourceVersion "1"]
[SourceVersionDate "1998.11.16"]
[SourceQuality "1"]

1. d4 Nf6 2. c4 c5 3. d5 b5 4. cxb5 a6 5. bxa6 Bxa6 6. Nc3 d6 7. Nf3 g6 8. e4 Bxf1 9. Kxf1 Bg7 10. g3 0-0 11. Kg2 Nbd7 12. h3 Qa5 13. Re1 Rfb8 14. Re2 Ne8 15. Qc2 Nc7 16. Bd2 Qb6 17. b3 Nb5 18. Rc1 Na3 19. Qd1 c4 20. Na4 Qb5 21. Bg5 cxb3 22. axb3 Rb7 23. Bxe7 Qxb3 24. Qxb3 Rxb3 25. Bxd6 Rxf3 26. Kxf3 Nb5 27. Kg2 Nxd6 28. Nc5 Nxc5 29. Rxc5 Re8 30. f3 f5 31. Rc6 Nb5 32. Rc4 fxe4 33. fxe4 Nc3 34. Rc2 Nxe4 35. Re2 Nd6 36. Rxe8+ Nxe8 37. Rb4 Kf7 38. Rb7+ Kf6 39. Rd7 h6 40. d6 h5 41. Rd8 Kf7 42. d7 Nf6 43. Rf8+ Kxf8 44. d8Q+ Kf7 45. Qc7+ Kg8 46. Kf3 Kh7 47. Qf7 Kh6 48. Kf4 Nh7 49. h4 Nf6 50. Ke5 Kh7 51. Ke6 Ng4 52. Qf4 Bf6 53. Qe4 Bg7 54. Qb1 Nh6 55. Qd3 Ng4 56. Qd8 Nh6 57. Kd5 Ng4 58. Ke4 Kh6 59. Qc7 Bf6 60. Qf4+ Kh7 61. Qd6 Bg7 62. Qe7 1/2-1/2

[Event "Pools schev"]
[Site "Singapore"]
[Date "1997.??.??"]
[Round "9"]
[White "Marentek, Hanny"]
[Black "Barcenilla, Rogelio"]
[Result "0-1"]
[WhiteElo "2435"]
[BlackElo "2465"]
[PlyCount "82"]
[EventDate "1997.05.31"]
[EventType "schev"]
[EventRounds "10"]
[EventCountry "SIN"]
[SourceTitle "CBM 058 Extra"]
[Source "ChessBase"]
[SourceDate "1997.07.29"]
[SourceVersion "1"]
[SourceVersionDate "1997.07.29"]
[SourceQuality "1"]

1. d4 Nf6 2. c4 g6 3. Nc3 Bg7 4. e4 d6 5. f3 0-0 6. Be3 Nc6 7. Nge2 a6 8. Qd2 Rb8 9. a3 Re8 10. b4 Bd7 11. g3 b5 12. cxb5 axb5 13. Bg2 e5 14. d5 Ne7 15. 0-0 Nc8 16. Qd3 Nb6 17. Rfb1 Qc8 18. Nc1 Nc4 19. Bf2 c6 20. Nb3 cxd5 21. Nxd5 Nxd5 22. Qxd5 Be6 23. Qd1 Rd8 24. Na5 d5 25. Nxc4 bxc4 26. exd5 Rxd5 27. Qe1 Rd3 28. h4 e4 29. Qxe4 Bxa1 30. Rxa1 Qc7 31. h5 Bd5 32. Qe2 Qc6 33. Re1 Qf6 34. a4 gxh5 35. b5 Kg7 36. b6 Rxb6 37. Bxb6 Qxb6+ 38. Kh2 Qd4 39. Qe7 h6 40. Qd8 Rd2 41. Re8 Qb2 0-1

[Event "Pools schev"]
[Site "Singapore"]
[Date "1997.??.??"]
[Round "1"]
[White "Marentek, Hanny"]
[Black "Kurniawan, Bobby"]
[Result "1/2-1/2"]
[WhiteElo "2435"]
[BlackElo "2405"]
[PlyCount "136"]
[EventDate "1997.05.31"]
[EventType "schev"]
[EventRounds "10"]
[EventCountry "SIN"]
[SourceTitle "CBM 058 Extra"]
[Source "ChessBase"]
[SourceDate "1997.07.29"]
[SourceVersion "1"]
[SourceVersionDate "1997.07.29"]
[SourceQuality "1"]

1. d4 Nf6 2. c4 g6 3. Nc3 Bg7 4. e4 0-0 5. Be3 d6 6. f3 Nc6 7. Nge2 a6 8. Qd2 Rb8 9. a3 Re8 10. Rd1 Bd7 11. b4 Qc8 12. Nc1 e5 13. d5 Nd4 14. N1e2 c5 15. dxc6 bxc6 16. Nxd4 exd4 17. Bxd4 c5 18. Be3 cxb4 19. axb4 Rxb4 20. Be2 Rb3 21. Rc1 Be6 22. 0-0 Nd7 23. Bd4 Ne5 24. Nd5 Qb8 25. Ra1 Qb7 26. f4 Nd7 27. Bxg7 Kxg7 28. Qd4+ f6 29. Bd1 Bxd5 30. Bxb3 Bxe4 31. Ba4 Bf5 32. Bxd7 Bxd7 33. Rfb1 Qc8 34. Qxd6 Bf5 35. Re1 Rxe1+ 36. Rxe1 Qxc4 37. h3 Qc3 38. Re8 Kh6 39. Kh2 a5 40. g4 Qc2+ 41. Kg3 Qd3+ 42. Qxd3 Bxd3 43. Ra8 g5 44. Rxa5 gxf4+ 45. Kxf4 Kg6 46. h4 Kg7 47. Rd5 Bb1 48. Rd6 Bc2 49. Rd7+ Kg8 50. g5 fxg5+ 51. hxg5 h6 52. gxh6 Kh8 53. Kg5 Bb1 54. Rg7 Bc2 55. Kf6 Bb1 56. Kf7 Bc2 57. Kf8 Bb1 58. Rc7 Bd3 59. Rg7 Bb1 60. Kf7 Ba2+ 61. Kf6 Bb1 62. Rc7 Bd3 63. Kg5 Bb1 64. h7 Bxh7 65. Kh6 Bg8 66. Rc3 Bh7 67. Rc8+ Bg8 68. Rc7 Ba2 1/2-1/2

[Event "Pools schev"]
[Site "Singapore"]
[Date "1997.??.??"]
[Round "5"]
[White "Marentek, Hanny"]
[Black "Tu, Hoang Thong"]
[Result "0-1"]
[WhiteElo "2435"]
[BlackElo "2475"]
[PlyCount "72"]
[EventDate "1997.05.31"]
[EventType "schev"]
[EventRounds "10"]
[EventCountry "SIN"]
[SourceTitle "CBM 058 Extra"]
[Source "ChessBase"]
[SourceDate "1997.07.29"]
[SourceVersion "1"]
[SourceVersionDate "1997.07.29"]
[SourceQuality "1"]

1. d4 f5 2. c4 Nf6 3. Nc3 g6 4. g3 Bg7 5. Bg2 d6 6. Nf3 0-0 7. 0-0 Nc6 8. d5 Na5 9. Qa4 c5 10. dxc6 Nxc6 11. Rd1 Qa5 12. Qxa5 Nxa5 13. Nd5 Nxd5 14. cxd5 Bd7 15. Nd4 Rfc8 16. b3 b6 17. Bg5 Kf7 18. Be3 Rc3 19. Rac1 Rac8 20. Nc6 Nxc6 21. Rxc3 Bxc3 22. dxc6 Bxc6 23. Bxc6 Rxc6 24. Rc1 b5 25. Bxa7 b4 26. Rc2 e5 27. Be3 d5 28. Bc1 d4 29. Kf1 Ke6 30. Bd2 Kd5 31. Ke1 g5 32. Kf1 g4 33. Bg5 e4 34. Be7 d3 35. exd3 exd3 36. Rc1 d2 0-1

[Event "Pools schev"]
[Site "Singapore"]
[Date "1997.??.??"]
[Round "7"]
[White "Marentek, Hanny"]
[Black "Tunasly, Kifly"]
[Result "0-1"]
[WhiteElo "2435"]
[BlackElo "2315"]
[PlyCount "54"]
[EventDate "1997.05.31"]
[EventType "schev"]
[EventRounds "10"]
[EventCountry "SIN"]
[SourceTitle "CBM 058 Extra"]
[Source "ChessBase"]
[SourceDate "1997.07.29"]
[SourceVersion "1"]
[SourceVersionDate "1997.07.29"]
[SourceQuality "1"]

1. e4 e5 2. f4 exf4 3. Nf3 h6 4. Bc4 d6 5. d4 g5 6. 0-0 Bg7 7. c3 Ne7 8. h4 Ng6 9. h5 Ne7 10. g4 0-0 11. Nh2 d5 12. exd5 Nxd5 13. Qf3 c6 14. Bd3 Be6 15. Na3 c5 16. dxc5 Nd7 17. Bc2 Qc7 18. Bd2 Qxc5+ 19. Qf2 Qc6 20. Be4 Nc5 21. Bc2 Nf6 22. Rae1 Rad8 23. Bc1 Nd3 24. Qxa7 Nxe1 25. Rxe1 Nxg4 26. Be4 Qc7 27. Qxb7 Qc5+ 0-1

[Event "World Cities"]
[Site "Jakarta "]
[Date "1997.??.??"]
[Round "1"]
[White "Marentek, Hanny"]
[Black "Vidawati, Sri"]
[Result "1-0"]
[WhiteElo "2405"]
[BlackElo "2220"]
[PlyCount "55"]
[EventDate "1997.07.08"]
[EventType "swiss"]
[EventRounds "10"]
[EventCountry "INA"]
[SourceTitle "CBM 058 Extra"]
[Source "ChessBase"]
[SourceDate "1997.07.29"]
[SourceVersion "1"]
[SourceVersionDate "1997.07.29"]
[SourceQuality "1"]

1. d4 Nf6 2. c4 g6 3. Nc3 Bg7 4. e4 d6 5. f3 Nc6 6. Nge2 e5 7. d5 Ne7 8. Be3 0-0 9. g4 a6 10. Ng3 c6 11. Qd2 cxd5 12. cxd5 Bd7 13. Bd3 b5 14. h4 Bxg4 15. fxg4 Nxg4 16. Be2 Nxe3 17. Qxe3 f5 18. exf5 b4 19. Nce4 gxf5 20. Ng5 Qa5 21. Bc4 Rfc8 22. Bb3 h6 23. Nh5 f4 24. Qg1 Nf5 25. Ne6 Rc7 26. Qg6 Rf7 27. 0-0-0 Nd4 28. Nf6+ 1-0

[Event "Pools schev"]
[Site "Singapore"]
[Date "1997.??.??"]
[Round "6"]
[White "Mariano, Nelson"]
[Black "Marentek, Hanny"]
[Result "1-0"]
[WhiteElo "2490"]
[BlackElo "2435"]
[PlyCount "63"]
[EventDate "1997.05.31"]
[EventType "schev"]
[EventRounds "10"]
[EventCountry "SIN"]
[SourceTitle "CBM 058 Extra"]
[Source "ChessBase"]
[SourceDate "1997.07.29"]
[SourceVersion "1"]
[SourceVersionDate "1997.07.29"]
[SourceQuality "1"]

1. e4 e6 2. d4 d5 3. Nc3 dxe4 4. Nxe4 Nd7 5. Nf3 Ngf6 6. Bd3 Be7 7. Qe2 0-0 8. Bd2 c5 9. Nxf6+ Nxf6 10. dxc5 Bxc5 11. 0-0-0 Qb6 12. Ne5 a5 13. g4 Nd5 14. g5 Nb4 15. Bxb4 axb4 16. Qe4 g6 17. Bc4 Be7 18. f4 Ra5 19. h4 Qc7 20. Bb3 b6 21. Ng4 Bb7 22. Qd4 e5 23. fxe5 Qc5 24. Rhf1 Bc8 25. Nh6+ Kg7 26. Rxf7+ Rxf7 27. Nxf7 Bf5 28. e6+ Qxd4 29. Rxd4 Bc5 30. Rd7 Be3+ 31. Kb1 Bh3 32. Nd6+ 1-0

[Event "Pools schev"]
[Site "Singapore"]
[Date "1997.??.??"]
[Round "10"]
[White "Wong, Meng Kong"]
[Black "Marentek, Hanny"]
[Result "0-1"]
[WhiteElo "2415"]
[BlackElo "2435"]
[PlyCount "116"]
[EventDate "1997.05.31"]
[EventType "schev"]
[EventRounds "10"]
[EventCountry "SIN"]
[SourceTitle "CBM 058 Extra"]
[Source "ChessBase"]
[SourceDate "1997.07.29"]
[SourceVersion "1"]
[SourceVersionDate "1997.07.29"]
[SourceQuality "1"]

1. Nf3 d5 2. c4 d4 3. g3 c5 4. Bg2 Nf6 5. 0-0 Nc6 6. d3 e6 7. Na3 Be7 8. Nc2 0-0 9. Rb1 e5 10. a3 a5 11. b3 Re8 12. Bg5 Bf8 13. e4 Rb8 14. Nd2 h6 15. Bxf6 Qxf6 16. f4 Bd6 17. Qf3 Bd7 18. fxe5 Qxf3 19. Nxf3 Nxe5 20. Nxe5 Bxe5 21. b4 axb4 22. axb4 b5 23. bxc5 bxc4 24. Nb4 c3 25. c6 Bg4 26. Kf2 Rb6 27. Nd5 Rxc6 28. Bf3 Be6 29. Rfc1 Ra6 30. Rc2 Rea8 31. Bd1 Ra2 32. Nb4 Ra1 33. Rcc1 Rxb1 34. Rxb1 Rb8 35. Bc2 Bd6 36. Nd5 Ra8 37. Bb3 Rb8 38. Bc2 Rxb1 39. Bxb1 Kf8 40. Bc2 h5 41. Kg2 g5 42. Nf6 Be7 43. Nd5 f5 44. Kf3 Kf7 45. Nc7 g4+ 46. Ke2 Bd7 47. Bb3+ Kg6 48. Nd5 Bg5 49. Nb6 Be6 50. exf5+ Bxf5 51. Nc4 Be6 52. Ba4 Bd5 53. Na3 Bf3+ 54. Kf1 Kf6 55. Bb3 h4 56. Kf2 Ke5 57. Nc4+ Kf6 58. h3 Bd5 0-1